01576nam a22003737a 4500003000500000005001700005008004100022010001000063011001000073035001000083040000900093090001000102100004300112245012800155260004200283300001100325502010800336590003700444590004100481590004100522590004100563590004100604590004200645650005200687650002900739650004200768901000700810942000900817949004300826949005500869999001700924952013300941952012801074CHAP20220329140731.0971013s1988 r 00010 d a56723 a57695 a61850 cCHAP aTesis00aZúñiga Núñez, Edwin A.9124235 aSelección de tecnologías y optimización de recursos agrícolas en las zonas climáticas A y B del altiplano peruano aMontecillo, Méx. :bEl autor,c1988 a108 h. aTesis (M.C. Esp. en Economía Agrícola) -- Colegio de Postgraduados. Centro de Economía Agrícola aALEPHb10c20130110lUCH01h1335 aBATCH-UPDb10c20130110lUCH01h0501 aBATCH-UPDb10c20130410lUCH01h0139 aBATCH-UPDb10c20130410lUCH01h1611 aBATCH-UPDb10c20130914lUCH01h1928 aCONVERSIONb10c20130109lUCH01h133014aAgriculturaxInnovaciones tecnológicas.9156514aAgriculturaxPeru.9176214aPolítica agrícolaxPerú.990349 aBK cFOLL bBCcTESd-132750eTS1h21074i61850si bBCcTESd33724000597258eTS2fc.2h21075i61850si c56723d56723 00102local4053708TESISaBCbBCcPA_TESISd2019-12-31fTESISl0p33724000597258r2019-12-31 00:00:00tc.2w2019-12-31yTESIS 00102local4051708TESISaBCbBCcPA_TESISd2019-12-31fTESISl0oTesisp-132750r2019-12-31 00:00:00w2019-12-31yTESIS